La proteccin̤ de la salud ante la regulacin̤ internacional de los productos farmacǔticos

Bibliographic Details
Main Author: Seuba Hernǹdez, Xavier
Format: eBook
Language:Spanish
Published: Madrid: Marcial Pons, 2010
Subjects:
Online Access:Acceso restringido

MARC

LEADER 00000nam a22000007a 4500
005 20161217203322.0
007 cr|||| ||||
008 161217s2010 es |||||s|||| 00||0 spa d
020 |a 978-84-9123-050-2 
035 |a 14708 
040 |a vLex 
090 |c 6512  |d 6512 
100 1 |a Seuba Hernǹdez, Xavier 
245 1 2 |a La proteccin̤ de la salud ante la regulacin̤ internacional de los productos farmacǔticos  |h [Recurso electrn̤ico] /  |c Xavier Seuba Hernǹdez 
256 |a Servicio en ln̕ea 
260 |a Madrid:  |b Marcial Pons,  |c 2010 
300 |a 1 recurso electrn̤ico 
500 |a Esta obra aborda las normas internacionales que inciden sobre la denominada cadena del medicamento, es decir, las normas sobre el iter que sigue un medicamento desde que se concibe hasta que se consume. Y lo hace atendiendo a la funcin̤ principal que cumplen los productos farmacǔticos, que no es otra que la de preservar y mejorar la salud. Por ello, al tratar la normativa y las cuestiones suscitadas en relacin̤ con la innovacin̤ farmacǔtica, el desarrollo de fr̀macos, los estǹdares tčnicos sobre la calidad, seguridad y eficacia de los productos farmacǔticos y el acceso a los medicamentos, La proteccin̤ de la salud ante la regulacin̤ internacional de los productos farmacǔticos toma como punto de referencia la proteccin̤ de la salud humana que ordena el Derecho internacional de los derechos humanos. De hecho, este trabajo sostiene que la regulacin̤ de los productos farmacǔticos se enmarca en una ms̀ amplia preocupacin̤ normativa internacional, que es la relativa a la proteccin̤ de la salud. Es bien sabido que el medicamento es un producto complejo como pocos. Y es que en torno al mismo convergen el desarrollo cientf̕ico, preocupaciones ťicas, consideraciones econm̤icas y una permanente implicacin̤ del Derecho. Reflejo de dicha complejidad es la necesaria atencin̤ a diversos regm̕enes internacionales materiales a la hora de estudiar la cadena del medicamento. Cul̀es son dichos subsistemas normativos y sus cauces de interaccin̤ son otras de las cuestiones que se abordan en este libro. 
506 1 |a Disponible solo en los productos indicados  |d vLex Global  |d vLex Global (Academic Edition, excluding Law Schools)  |d vLex Global (U.S. Academic Edition, Law Schools)  |d vLex Global (U.S. Academic Edition, excluding Law Schools)  |d vLex Global (Academic Edition, Law Schools) 
650 0 4 |a Derecho Pb︢lico y Administrativo  |z Espaą 
740 0 |a vLex Libros (Servicio en ln̕ea) 
856 4 0 |u http://vlex.com/source/proteccion-de-la-salud-ante-la-regulacion-internacional-de-los-productos-farmaceuticos-14708  |z Acceso restringido 
942 |c BOOK 
999 0 |a Public and Administrative Law